[Event "Rilton Cup 9899"]
[Site "Stockholm"]
[Date "1999.01.06"]
[Round "9"]
[White "Eriksson, Johan"]
[Black "Sasu Ducsoara, Adrian"]
[Result "1/2-1/2"]
[WhiteElo "2385"]
[BlackElo "2305"]
[PlyCount "50"]
[EventDate "1998.12.??"]
[Source "ChessBase"]
[SourceDate "1999.03.01"]

1. d4 Nf6 2. c4 c5 3. d5 d6 4. Nc3 g6 5. e4 Bg7 6. Nge2 O-O 7. f3 e6 8. Ng3 exd5 9. cxd5 a6 10. a4 Ne8 11. Bd3 Nd7 12. O-O Rb8 13. f4 Nc7 14. a5 b5 15. axb6 Rxb6 16. Ra2 Nb5 17. Nxb5 axb5 18. b3 Ba6 19. Qe2 Qc8 20. Rc2 Re8 21. Bd2 b4 22. h3 Qb7 23. Bxa6 Rxa6 24. Be3 Qa7 25. Kh2 Ra1 1/2-1/2

[Event "Jezero Open"]
[Site "?"]
[Date "2003.08.17"]
[Round "4"]
[White "Certic Branimir"]
[Black "Cetkovic Bozidar"]
[Result "1/2-1/2"]
[WhiteElo "2396"]
[BlackElo "2290"]
[PlyCount "117"]
[EventDate "2003.??.??"]
[Source "www.chesslib.no"]
[SourceDate "2004.05.04"]

1. d4 Nf6 2. c4 c5 3. d5 d6 4. Nd2 g6 5. e4 Bg7 6. Ngf3 O-O 7. Bd3 e5 8. g3 Nh5 9. h4 Nd7 10. Ng5 h6 11. Nh3 Ndf6 12. Nf1 b5 13. b3 bxc4 14. bxc4 Rb8 15. Bd2 Bd7 16. f3 Qc8 17. Nf2 Qa6 18. a4 Rb7 19. Qc1 Kh7 20. a5 Rb3 21. Qc2 Rfb8 22. Bc3 Ne8 23. Rg1 Nc7 24. Nd2 R3b7 25. Qd1 Rf8 26. Bc2 Rbb8 27. Ba4 Qc8 28. Bxd7 Qxd7 29. Qa4 Qxa4 30. Rxa4 Rb7 31. Nd3 a6 32. Ra2 f5 33. Rb2 Rxb2 34. Bxb2 Nf6 35. g4 fxe4 36. fxe4 Nd7 37. Ke2 Kg8 38. Bc3 Rb8 39. Nb2 Kf7 40. Na4 Ke7 41. h5 g5 42. Nf1 Rb3 43. Kd3 Rb1 44. Kc2 Rb8 45. Ne3 Bf8 46. Nf5+ Kd8 47. Rf1 Ne8 48. Ne3 Ke7 49. Bd2 Nef6 50. Nc3 Rb7 51. Kd3 Rb8 52. Rb1 Rxb1 53. Nxb1 Kd8 54. Nc3 Kc7 55. Ke2 Ng8 56. Kf3 Ngf6 57. Nf5 Nh7 58. Ne2 Ndf6 59. Nc1 1/2-1/2

[Event "Esbjerg-B"]
[Site "Esbjerg"]
[Date "1982.??.??"]
[Round "6"]
[White "Wicker, Kevin J"]
[Black "Plaskett, Jim"]
[Result "1/2-1/2"]
[WhiteElo "2275"]
[BlackElo "2405"]
[PlyCount "88"]
[EventDate "1982.??.??"]
[Source "www.chesslib.no"]
[SourceDate "2004.05.04"]

1. d4 Nf6 2. c4 c5 3. d5 d6 4. Nc3 g6 5. Nf3 Bg7 6. Nd2 O-O 7. e4 e6 8. Be2 Re8 9. O-O Na6 10. Re1 Nc7 11. a4 b6 12. Nf1 a6 13. e5 dxe5 14. d6 Rb8 15. dxc7 Qxc7 16. Ng3 Rd8 17. Qc2 Nd7 18. f3 Bb7 19. Bf1 h6 20. Bd2 f5 21. a5 Bc6 22. axb6 Rxb6 23. Nd1 e4 24. fxe4 f4 25. Ne2 f3 26. gxf3 Ne5 27. Ra3 Ba4 28. Qxa4 Rxd2 29. Nf2 Kh7 30. Rd1 Rdxb2 31. f4 R2b4 32. Qe8 Qc6 33. Qxc6 Nxc6 34. Rd7 Rxc4 35. Ng3 Rc2 36. Rxa6 Rxa6 37. Bxa6 Nb8 38. Rd6 Nxa6 39. Rxa6 Bd4 40. Ngh1 c4 41. Rxe6 c3 42. Rc6 Rd2 43. Kf1 c2 44. Ke1 Be3 1/2-1/2

[Event "American Continental"]
[Site "?"]
[Date "1990.??.??"]
[Round "?"]
[White "Amura Claudia Noemi"]
[Black "Tempone Marcelo Javier"]
[Result "1-0"]
[WhiteElo "2285"]
[BlackElo "2390"]
[PlyCount "71"]
[EventDate "1990.??.??"]
[Source "www.chesslib.no"]
[SourceDate "2004.05.04"]

1. d4 Nf6 2. c4 c5 3. d5 d6 4. Nc3 g6 5. e4 Bg7 6. Nge2 O-O 7. Ng3 e6 8. Be2 exd5 9. exd5 Re8 10. O-O Nbd7 11. Bf4 Ne5 12. Qd2 Bg4 13. f3 Bc8 14. Bg5 a6 15. Qf4 Ned7 16. Nce4 Re5 17. Nxd6 Qf8 18. Nxc8 Rxc8 19. Qd2 Ree8 20. Kh1 h6 21. Bf4 h5 22. Bd3 h4 23. Ne4 Nxe4 24. fxe4 Be5 25. Bg5 Qd6 26. Bxh4 Bxh2 27. Qf2 f6 28. g3 g5 29. Qxh2 gxh4 30. Qxh4 Re5 31. Kg2 Rf8 32. Rf4 Kf7 33. Be2 Re7 34. Qh5+ Kg8 35. Rg4+ Rg7 36. Rh1 1-0

[Event "Metz op"]
[Site "Metz"]
[Date "1990.??.??"]
[Round "5"]
[White "Dekker, Andries"]
[Black "Ghitescu, Theodor"]
[Result "0-1"]
[WhiteElo "2255"]
[BlackElo "2415"]
[PlyCount "144"]
[EventDate "1990.??.??"]
[Source "www.chesslib.no"]
[SourceDate "2004.05.04"]

1. d4 Nf6 2. c4 c5 3. d5 d6 4. Nc3 g6 5. Nf3 Bg7 6. e4 O-O 7. h3 e5 8. Bd3 Na6 9. g4 Nc7 10. Qe2 a6 11. Rb1 b5 12. cxb5 Nxb5 13. Nxb5 axb5 14. Bxb5 Qa5+ 15. Nd2 Qxa2 16. f3 Ba6 17. Bxa6 Rxa6 18. Qc4 Qa5 19. b4 cxb4 20. Rxb4 Raa8 21. Qb5 Qa7 22. Qb6 Rfc8 23. Qxa7 Rxa7 24. Ke2 Ra2 25. h4 Bh6 26. Rb2 Ra1 27. g5 Nh5 28. Nb3 Ng3+ 29. Kd2 Nxh1 30. Nxa1 Bf8 31. Nb3 Ng3 32. Kd3 Nh5 33. Rc2 Rxc2 34. Kxc2 f6 35. Na5 fxg5 36. hxg5 Kf7 37. Nc6 Be7 38. Kd3 Ke8 39. Ke2 Kd7 40. Kf2 Bd8 41. Be3 Bc7 42. Kg2 Ke8 43. Kh3 Kf7 44. Kg4 Ke8 45. Kh3 Kf7 46. Kh2 Ke8 47. Kg1 Kd7 48. Kf1 Ke8 49. Ke2 Kd7 50. Kd3 Ke8 51. Kc4 Kd7 52. Kb5 Ng3 53. Kb4 Nf1 54. Bc1 Bb6 55. Kc3 Be3 56. Bxe3 Nxe3 57. Nb4 Nd1+ 58. Kd2 Nf2 59. Ke3 Nh3 60. Nd3 Nxg5 61. f4 exf4+ 62. Kxf4 Nf7 63. Kg4 Ke7 64. Kh4 Kf6 65. Kg3 Ne5 66. Nb4 g5 67. Kf2 h5 68. Kg3 Nc4 69. Kf3 h4 70. Nc2 Ke5 71. Kg4 Kxe4 72. Ne1 Ne3+ 0-1

[Event "Dublin"]
[Site "?"]
[Date "1996.??.??"]
[Round "8"]
[White "Quinn Mark"]
[Black "Heidenfeld Mark"]
[Result "1/2-1/2"]
[WhiteElo "2345"]
[BlackElo "2320"]
[PlyCount "95"]
[EventDate "1996.??.??"]
[Source "www.chesslib.no"]
[SourceDate "2004.05.04"]

1. d4 Nf6 2. c4 c5 3. d5 d6 4. Nc3 g6 5. e4 Bg7 6. Bd3 e5 7. Nge2 O-O 8. h3 a6 9. Bg5 h6 10. Be3 Kh7 11. Qd2 Ne8 12. h4 Nd7 13. h5 g5 14. Ng3 Ndf6 15. f3 Ng8 16. Ke2 Rb8 17. a3 Bd7 18. b4 Qc7 19. Rab1 b6 20. Nf5 Bf6 21. Rhc1 Ne7 22. Rc2 Ng7 23. g4 Rfc8 24. bxc5 bxc5 25. Rcb2 Ne8 26. Qc2 Ng8 27. Na4 Rxb2 28. Rxb2 Rb8 29. Rxb8 Qxb8 30. Bd2 Bd8 31. Qb2 Qxb2 32. Nxb2 Bc7 33. Bc2 Ng7 34. Ne3 Ne7 35. Ba4 Bxa4 36. Nxa4 Kg8 37. Nc2 Kf8 38. Na1 f6 39. Nb3 Ke8 40. Kd3 Kd8 41. Be3 Nc8 42. Bd2 Ne8 43. Naxc5 dxc5 44. Nxc5 Bd6 45. Ne6+ Ke7 46. c5 Bb8 47. Ba5 Na7 48. a4 1/2-1/2

[Event "Corr"]
[Site "corr"]
[Date "1994.??.??"]
[Round "?"]
[White "Trapl, Jindrich"]
[Black "Sorensen, Torben"]
[Result "1-0"]
[WhiteElo "2370"]
[BlackElo "2285"]
[PlyCount "43"]
[EventDate "1994.??.??"]
[Source "www.chesslib.no"]
[SourceDate "2004.05.04"]

1. d4 Nf6 2. c4 c5 3. d5 d6 4. Nc3 g6 5. e4 Bg7 6. Bd3 e5 7. Nge2 O-O 8. h3 Na6 9. Be3 Bd7 10. g4 Ne8 11. Ng3 Rb8 12. h4 Nac7 13. Qe2 a6 14. a4 Qc8 15. f3 b5 16. axb5 axb5 17. cxb5 Qb7 18. Ra5 f5 19. gxf5 gxf5 20. Nxf5 Bxf5 21. exf5 Nf6 22. h5 1-0

[Event "Mipap Cup, Olomouc CZE"]
[Site "?"]
[Date "2001.??.??"]
[Round "9"]
[White "Colin, V."]
[Black "Sawadkuhi, M."]
[Result "1-0"]
[WhiteElo "2325"]
[BlackElo "2315"]
[PlyCount "67"]
[EventDate "2001.??.??"]
[Source "www.chesslib.no"]
[SourceDate "2004.05.04"]

1. d4 Nf6 2. c4 c5 3. d5 d6 4. a4 e5 5. Nc3 a6 6. e4 g6 7. Nge2 Nbd7 8. Ng3 h5 9. Be2 Bh6 10. Bxh6 Rxh6 11. Qd2 Rh8 12. O-O Ng4 13. f3 Nxh2 14. Rf2 Ng4 15. fxg4 Qh4 16. g5 f6 17. Nf1 Qxg5 18. Qxg5 fxg5 19. a5 Rf8 20. Rxf8+ Kxf8 21. Na4 Rb8 22. Nb6 Nf6 23. Bd3 h4 24. b4 cxb4 25. Rb1 Nh5 26. Rxb4 Nf4 27. Rb3 Ke8 28. Ne3 Kd8 29. Bf1 Nh5 30. Nxc8 Kxc8 31. Rb6 Kc7 32. c5 dxc5 33. Bxa6 Nf4 34. d6+ 1-0

[Event "CZE Ch"]
[Site "Olomouc CZE"]
[Date "1995.??.??"]
[Round "?"]
[White "Neuman, Petr"]
[Black "Meduna, Eduard"]
[Result "1-0"]
[WhiteElo "2145"]
[BlackElo "2480"]
[PlyCount "113"]
[EventDate "1995.??.??"]
[Source "www.chesslib.no"]
[SourceDate "2004.05.04"]

1. d4 Nf6 2. c4 c5 3. d5 d6 4. Nc3 e5 5. e4 Be7 6. Be2 O-O 7. Nf3 a6 8. a4 Nbd7 9. O-O Ne8 10. Be3 g6 11. Ne1 Bg5 12. Qd2 Bxe3 13. Qxe3 Ng7 14. Bd3 b6 15. g3 Ra7 16. Ng2 f5 17. exf5 Nxf5 18. Bxf5 Rxf5 19. g4 Rf8 20. g5 Nb8 21. Ne4 Bf5 22. Nf6+ Kh8 23. f4 Re7 24. Rae1 Nd7 25. Qc3 Nxf6 26. gxf6 Ref7 27. fxe5 dxe5 28. Qxe5 Kg8 29. Ne3 Rxf6 30. Nxf5 gxf5 31. Kh1 Qd7 32. b3 Rg6 33. Qe7 Rg7 34. Rg1 Qxe7 35. Rxe7 Rg4 36. h3 Rxg1+ 37. Kxg1 Rb8 38. Rc7 b5 39. axb5 axb5 40. Rxc5 bxc4 41. bxc4 Kf7 42. Rc6 Rb2 43. c5 Rd2 44. d6 h5 45. Kf1 Ke8 46. Ke1 Rd3 47. Ke2 Rxh3 48. Rc8+ Kd7 49. Rc7+ Kd8 50. Kd2 Ra3 51. Rf7 Ra5 52. Rxf5 h4 53. Kc3 h3 54. Kb4 Ra1 55. Rh5 Kd7 56. Rh7+ Ke6 57. Kb5 1-0

[Event "Warsaw Open"]
[Site "Warsaw POL"]
[Date "1989.??.??"]
[Round "?"]
[White "Skalik, Przemyslaw"]
[Black "Suetin, Alexei S"]
[Result "1-0"]
[WhiteElo "2245"]
[BlackElo "2370"]
[PlyCount "93"]
[EventDate "1989.04.??"]
[Source "www.chesslib.no"]
[SourceDate "2004.05.04"]

1. d4 Nf6 2. c4 c5 3. d5 d6 4. Nc3 g6 5. e4 Bg7 6. Nf3 O-O 7. h3 b5 8. cxb5 a6 9. a4 axb5 10. Bxb5 Nfd7 11. O-O Ba6 12. Bg5 h6 13. Bf4 Qc7 14. Re1 g5 15. Be3 Nb6 16. h4 f6 17. Qe2 Bc8 18. Nh2 Na6 19. Qh5 Nb4 20. Rac1 e5 21. dxe6 Bxe6 22. f4 Bf7 23. Qe2 gxh4 24. f5 Nd7 25. Ng4 Kh7 26. Qf2 Ne5 27. Nxh6 Bh5 28. Qxh4 Bxh6 29. Qxh5 Qg7 30. Qxh6+ Qxh6 31. Bxh6 Kxh6 32. Rcd1 Rfd8 33. Re2 Kg7 34. Red2 c4 35. Rxd6 Rxd6 36. Rxd6 Rh8 37. Nd5 Nbd3 38. Rxf6 Nxb2 39. Re6 Nbd3 40. f6+ Kg6 41. Be8+ Kg5 42. a5 Kg4 43. Nc3 Kf4 44. a6 Ke3 45. a7 Nf2 46. Nd5+ Ke2 47. Nf4+ 1-0

[Event "Hallstahammar Open"]
[Site "?"]
[Date "1998.??.??"]
[Round "?"]
[White "Kvarnstrom, Einar"]
[Black "Tunviken, Jonas"]
[Result "0-1"]
[WhiteElo "2825"]
[BlackElo "1775"]
[PlyCount "48"]
[EventDate "1998.??.??"]
[Source "www.chesslib.no"]
[SourceDate "2004.05.04"]

1. d4 Nf6 2. c4 c5 3. d5 d6 4. Nc3 g6 5. e4 b5 6. cxb5 Bg7 7. h3 O-O 8. Nf3 Nbd7 9. Be2 a6 10. bxa6 Bxa6 11. Bxa6 Rxa6 12. O-O Qc7 13. Rb1 Rfa8 14. a3 Nb6 15. Qc2 h6 16. Rd1 Nfd7 17. Ne2 Qa7 18. b3 Kh7 19. a4 c4 20. Ned4 cxb3 21. Qxb3 Nc5 22. Nc6 Nxb3 23. Nxa7 Nxc1 24. Rdxc1 R8xa7 0-1

[Event "ARG-ch Superior"]
[Site "Buenos Aires"]
[Date "2002.??.??"]
[Round "7"]
[White "Perdomo, Leandro"]
[Black "Nedilsky, Diego"]
[Result "1-0"]
[WhiteElo "2276"]
[BlackElo "2309"]
[PlyCount "119"]
[EventDate "2002.09.15"]
[Source "ChessBase"]
[SourceDate "2002.11.06"]

1. d4 Nf6 2. c4 c5 3. d5 d6 4. Nc3 g6 5. e4 e5 6. Nge2 Bg7 7. Ng3 a6 8. a4 b6 9. Be2 O-O 10. Bg5 h6 11. Be3 Kh7 12. h4 h5 13. Bg5 Rh8 14. Qd2 Qf8 15. O-O Nfd7 16. Bd3 f6 17. Be3 Bh6 18. Nd1 a5 19. Qe2 Kg8 20. Bc2 Bf4 21. Nh1 Qh6 22. g3 Bxe3 23. Nxe3 Nf8 24. f4 Nbd7 25. Rf2 Nh7 26. Raf1 Ba6 27. Bd1 Rd8 28. Rg2 Nhf8 29. f5 g5 30. g4 hxg4 31. Nxg4 Qh5 32. Nxf6+ Nxf6 33. Rxg5+ Kf7 34. Rxh5 Nxh5 35. Qxh5+ Rxh5 36. Bxh5+ Kg7 37. Be2 Nh7 38. Kh2 Nf6 39. Rg1+ Kf7 40. Nf2 Rh8 41. Kh3 Bc8 42. Bf3 Rg8 43. Rg5 Bd7 44. b3 Rg7 45. Kg3 Be8 46. Nh3 Bd7 47. h5 Be8 48. Rg6 Rg8 49. Kh4 Rh8 50. Ng5+ Ke7 51. Rg7+ Kd8 52. Nf7+ Bxf7 53. Rxf7 Nd7 54. Rg7 Ke8 55. Kg5 Nf8 56. h6 Nh7+ 57. Rxh7 Rxh7 58. Kg6 Rf7 59. h7 Rf8 60. Bh5 1-0

[Event "Novi Sad olm  ECU-GUA"]
[Site "Novi Sad"]
[Date "1990.??.??"]
[Round "14"]
[White "Pazos, P."]
[Black "Juarez Flores, G."]
[Result "1-0"]
[WhiteElo "2305"]
[BlackElo "2280"]
[PlyCount "117"]
[EventDate "1990.??.??"]
[Source "www.chesslib.no"]
[SourceDate "2004.05.04"]

1. d4 Nf6 2. c4 c5 3. d5 d6 4. Nc3 g6 5. e4 Bg7 6. Nge2 O-O 7. Ng3 e6 8. Be2 exd5 9. exd5 h6 10. O-O Re8 11. Bf4 b6 12. Re1 a6 13. Qd2 g5 14. Be3 Ra7 15. h3 Rae7 16. Bd3 Bd7 17. a4 a5 18. Qc2 Na6 19. Nf5 Bxf5 20. Bxf5 Nb4 21. Qd2 Nd7 22. b3 Re5 23. g4 R5e7 24. Kg2 Nf8 25. Rac1 Be5 26. Rh1 Ng6 27. Bxg6 fxg6 28. Ne2 Rf7 29. Rcf1 Ref8 30. f3 Qe7 31. Rf2 Re8 32. Re1 Bf4 33. Nxf4 gxf4 34. Rfe2 Qf6 35. Bf2 Rfe7 36. Rxe7 Rxe7 37. Rxe7 Qxe7 38. Qxf4 Kg7 39. Qd2 g5 40. h4 gxh4 41. Kh3 Qf6 42. Qe2 h5 43. Bxh4 hxg4+ 44. fxg4 Qc3+ 45. Bg3 Nd3 46. Qe7+ Kg8 47. Qd8+ Kf7 48. Qd7+ Kg8 49. Qe6+ Kg7 50. Qxd6 Qc2 51. Qe7+ Kg6 52. Qe4+ Kh6 53. Qe6+ Kg7 54. Be5+ Nxe5 55. Qxe5+ Kg8 56. d6 Qh7+ 57. Kg3 Qd3+ 58. Kh4 b5 59. axb5 1-0

[Event "Budapest HUN"]
[Site "?"]
[Date "1998.??.??"]
[Round "?"]
[White "Marasescu Ioan"]
[Black "Bartha Sandor"]
[Result "1/2-1/2"]
[WhiteElo "2315"]
[BlackElo "2265"]
[PlyCount "23"]
[EventDate "1998.??.??"]
[Source "www.chesslib.no"]
[SourceDate "2004.05.04"]

1. d4 Nf6 2. c4 c5 3. d5 d6 4. Nc3 g6 5. e4 Bg7 6. Nf3 O-O 7. h3 Na6 8. Bd3 Nc7 9. Bg5 a6 10. a4 Rb8 11. O-O Bd7 12. e5 1/2-1/2

[Event "Budapest FS07 IM-A"]
[Site "Budapest HUN"]
[Date "1995.??.??"]
[Round "?"]
[White "Richter, Michael"]
[Black "Dobos, Jozsef"]
[Result "0-1"]
[WhiteElo "2255"]
[BlackElo "2325"]
[PlyCount "86"]
[EventDate "1995.07.??"]
[Source "www.chesslib.no"]
[SourceDate "2004.05.04"]

1. d4 Nf6 2. c4 c5 3. d5 d6 4. Nc3 g6 5. Nf3 Bg7 6. e4 O-O 7. Qc2 e6 8. Bd3 exd5 9. cxd5 Bg4 10. Nd2 Nh5 11. Nc4 Na6 12. a3 Nc7 13. f3 Bc8 14. g4 Nf6 15. a4 Na6 16. Qg2 Nb4 17. Bb1 Nd7 18. Nxd6 Ne5 19. Nxc8 Ned3+ 20. Bxd3 Nxd3+ 21. Ke2 c4 22. Nxa7 Rxa7 23. Qg1 Ra8 24. Be3 Re8 25. h4 Qf6 26. Qb1 Qd6 27. Nb5 Qd7 28. Nc3 Bxc3 29. bxc3 Rxe4 30. Qb5 Rxe3+ 31. Kxe3 Qe7+ 32. Kd2 Re8 33. Rh2 Qe5 34. Rg2 Qf4+ 35. Kc2 Re1 36. Rxe1 Nxe1+ 37. Kb1 Nxg2 38. Qxb7 Ne1 39. a5 Nd3 40. a6 Qc1+ 41. Ka2 Qc2+ 42. Ka1 Qxc3+ 43. Kb1 Nb4 0-1

[Event "Jezero Open"]
[Site "?"]
[Date "2003.08.17"]
[Round "4"]
[White "Nestorovic Dejan"]
[Black "Dakic Dejan"]
[Result "1-0"]
[WhiteElo "2424"]
[BlackElo "2147"]
[PlyCount "73"]
[EventDate "2003.??.??"]
[Source "www.chesslib.no"]
[SourceDate "2004.05.04"]

1. d4 Nf6 2. c4 c5 3. d5 d6 4. Nc3 g6 5. e4 b5 6. cxb5 Bg7 7. Nf3 O-O 8. Bc4 Nbd7 9. a4 a6 10. Rb1 axb5 11. axb5 Qa5 12. Bd2 Qb4 13. b3 Qa5 14. h3 Nb6 15. O-O Nh5 16. Qe1 Nxc4 17. bxc4 Nf4 18. Bxf4 Qxc3 19. Qxc3 Bxc3 20. e5 Bf5 21. Rb3 dxe5 22. Bxe5 Bb4 23. Nd4 f6 24. Nxf5 gxf5 25. Bc7 Rfc8 26. b6 Rxc7 27. bxc7 Rc8 28. Rf3 Ba5 29. Rxf5 Bxc7 30. Re1 Bd6 31. Re6 Rf8 32. g4 Kg7 33. Kg2 Kg6 34. Kf3 Rd8 35. Ke4 Rd7 36. g5 Be5 37. Rfxe5 1-0

[Event "NRW-Liga I 9192"]
[Site "GER"]
[Date "1992.??.??"]
[Round "?"]
[White "Dresen, Ulrich"]
[Black "Telljohann, Sven"]
[Result "1/2-1/2"]
[WhiteElo "2295"]
[BlackElo "2270"]
[PlyCount "113"]
[EventDate "1992.10.??"]
[Source "www.chesslib.no"]
[SourceDate "2004.05.04"]

1. d4 Nf6 2. c4 c5 3. d5 d6 4. Nc3 g6 5. e4 Bg7 6. Nf3 O-O 7. h3 Na6 8. Bd3 Nc7 9. a4 e6 10. O-O Rb8 11. Bg5 h6 12. Be3 b6 13. Qd2 Kh7 14. Rab1 exd5 15. exd5 Na6 16. Rbe1 Nb4 17. Bb1 a6 18. Bf4 Rb7 19. Bh2 Re8 20. Qf4 Rxe1 21. Rxe1 Bf8 22. g4 Re7 23. Re3 Rxe3 24. fxe3 Qe7 25. e4 Bd7 26. e5 dxe5 27. Nxe5 Be8 28. Bg3 Nd7 29. Nc6 Qg5 30. Qxg5 hxg5 31. Ne4 f6 32. Bd6 Kg7 33. Nd8 Bf7 34. Bxf8+ Kxf8 35. Nd6 Be8 36. Ne6+ Ke7 37. Nxe8 Kxe8 38. Bxg6+ Ke7 39. b3 Ne5 40. Be4 Na2 41. a5 Nc3 42. Bg2 bxa5 43. Nxc5 a4 44. Nxa4 Nxa4 45. bxa4 Kd6 46. Bf1 a5 47. Kf2 Nd7 48. Ke3 Ke5 49. Be2 Nb6 50. Bd3 Nxa4 51. Bc2 Nc5 52. Bf5 Kd6 53. Kd4 Nb3+ 54. Kc3 Nc5 55. Kd4 Nb3+ 56. Kc3 Nc5 57. Kd4 1/2-1/2

[Event "NZD-ch"]
[Site "?"]
[Date "1990.??.??"]
[Round "?"]
[White "Dreyer, Martin"]
[Black "Sarapu, Ortvin"]
[Result "0-1"]
[WhiteElo "2215"]
[BlackElo "2350"]
[PlyCount "82"]
[EventDate "1990.??.??"]
[Source "www.chesslib.no"]
[SourceDate "2004.05.04"]

1. d4 Nf6 2. c4 c5 3. d5 d6 4. Nc3 e5 5. e4 Be7 6. Bd3 O-O 7. Nf3 Ne8 8. Qe2 a6 9. h3 Bd7 10. g4 Nc7 11. a4 b6 12. Be3 Ra7 13. b3 Rb7 14. Kd2 Qe8 15. Ne1 b5 16. a5 Qd8 17. Nc2 Bg5 18. Bxg5 Qxg5+ 19. Ne3 Rc8 20. Kc2 bxc4 21. bxc4 Ne8 22. Nf5 Bxf5 23. exf5 Nd7 24. Rab1 Rcb8 25. Rxb7 Rxb7 26. h4 Qd8 27. Ra1 Qxh4 28. f3 Nef6 29. Qg2 h6 30. Qg1 Qg5 31. Rb1 Rxb1 32. Qxb1 Qe3 33. Qb7 Qxf3 34. Qxa6 Qxg4 35. Qxd6 e4 36. Bxe4 Nxe4 37. Qxd7 Qg2+ 38. Kb3 Nd2+ 39. Ka4 Qf1 40. Qe8+ Kh7 41. Ne2 Qb1 0-1

[Event "First Saturday IM - Dicembre 2007"]
[Site "Budapest UNG"]
[Date "2007.12.09"]
[Round "9"]
[White "Lenz, Alarich"]
[Black "Kahn, Evart dr"]
[Result "0-1"]
[WhiteElo "2227"]
[BlackElo "2314"]
[PlyCount "94"]
[EventDate "2007.12.01"]
[Source "www.chesslib.no"]
[SourceDate "2004.05.04"]

1. d4 Nf6 2. c4 c5 3. d5 d6 4. Nc3 g6 5. e4 Bg7 6. Nf3 O-O 7. h3 b5 8. cxb5 a6 9. a4 Nbd7 10. bxa6 Qa5 11. Nd2 Bxa6 12. Bxa6 Qxa6 13. Nb5 Rfc8 14. O-O c4 15. Ra3 Nc5 16. Nc3 Rab8 17. Qe2 Rb4 18. a5 Nfd7 19. Na2 Rbb8 20. b4 cxb3 21. Qxa6 Nxa6 22. Nxb3 Rc2 23. Bg5 Bb2 24. Na1 Rc4 25. Rb3 f6 26. Be3 Ra4 27. Rxb2 Rxb2 28. Nc3 Rxa5 29. Rc1 Nac5 30. Rd1 Ne5 31. Bc1 Rb7 32. Nc2 Na4 33. Nxa4 Rxa4 34. Be3 Rxe4 35. f3 Ra4 36. Nd4 Ra2 37. Rc1 g5 38. Rc8+ Kf7 39. f4 gxf4 40. Bxf4 Rb1+ 41. Kh2 Rbb2 42. Ne6 Rxg2+ 43. Kh1 Nf3 44. Rf8+ Kg6 45. Rg8+ Kh5 46. Ng7+ Rxg7 47. Rxg7 Ra1+ 0-1

[Event "POL-chT U20"]
[Site "Laczna"]
[Date "2002.07.21"]
[Round "9"]
[White "Szromba, Krzysztof"]
[Black "Zawadzki, Stanislaw"]
[Result "1/2-1/2"]
[WhiteElo "2118"]
[BlackElo "2416"]
[PlyCount "83"]
[EventDate "2002.07.15"]
[Source "ChessBase"]
[SourceDate "2002.09.11"]

1. d4 Nf6 2. c4 c5 3. d5 d6 4. Nc3 g6 5. e4 Bg7 6. Nf3 e6 7. h3 exd5 8. exd5 O-O 9. Be2 Re8 10. O-O a6 11. Be3 Nbd7 12. Qd2 Ne4 13. Nxe4 Rxe4 14. Bd3 Re8 15. Rfe1 Nf6 16. Bf4 Rb8 17. a4 Rxe1+ 18. Rxe1 Qf8 19. b4 Nd7 20. Qe3 cxb4 21. Qa7 b3 22. c5 Nxc5 23. Qxb8 Nxd3 24. Bxd6 Nxe1 25. Bxf8 Nxf3+ 26. gxf3 b2 27. Bxg7 b1=Q+ 28. Kg2 Qf5 29. Bc3 Qxh3+ 30. Kg1 Qf5 31. Qc7 Qg5+ 32. Kh2 Qh4+ 33. Kg1 Qg5+ 34. Kf1 Bh3+ 35. Ke2 f6 36. Qb8+ Kf7 37. Qxb7+ Kg8 38. Qb8+ Kf7 39. Qc7+ Kg8 40. Qd8+ Kf7 41. Qc7+ Kg8 42. Qd8+ 1/2-1/2

[Event "35. ITA-ch"]
[Site "?"]
[Date "1974.10.??"]
[Round "12"]
[White "Primavera Giuseppe"]
[Black "Paoli Enrico"]
[Result "0-1"]
[WhiteElo "2250"]
[BlackElo "2280"]
[PlyCount "94"]
[EventDate "1974.??.??"]
[Source "www.chesslib.no"]
[SourceDate "2004.05.04"]

1. d4 Nf6 2. c4 c5 3. d5 d6 4. Nc3 g6 5. e4 Bg7 6. Nf3 Bg4 7. Be2 Bxf3 8. Bxf3 O-O 9. Be2 e6 10. O-O exd5 11. exd5 a6 12. Bg5 h6 13. Bh4 Qc7 14. f4 Nbd7 15. Qc2 Rae8 16. Rae1 Re7 17. Bf3 Rfe8 18. Rxe7 Rxe7 19. g4 Re3 20. Nd1 Re8 21. g5 hxg5 22. Bxg5 b5 23. b3 b4 24. Nf2 Nh7 25. Bh4 Ndf6 26. Bg2 Qd7 27. h3 Nh5 28. Ng4 f5 29. Nh2 Bd4+ 30. Kh1 Bf6 31. Qf2 Qe7 32. Bxf6 N7xf6 33. Qh4 Qe3 34. Rf3 Qe1+ 35. Qxe1 Rxe1+ 36. Nf1 Ne4 37. Kh2 Re2 38. Re3 Rxa2 39. Kg1 Nxf4 40. Bxe4 fxe4 41. Ng3 Nxh3+ 42. Kf1 Ng5 43. Nxe4 Nxe4 44. Rxe4 a5 45. Re6 a4 46. bxa4 b3 47. Rxd6 b2 0-1

[Event "Defensa Benoni"]
[Site "?"]
[Date "1995.??.??"]
[Round "?"]
[White "Sepulveda, Job"]
[Black "Abarca, Ivan"]
[Result "1-0"]
[WhiteElo "2270"]
[BlackElo "2260"]
[PlyCount "125"]
[EventDate "1995.??.??"]
[Source "www.chesslib.no"]
[SourceDate "2004.05.04"]

1. d4 Nf6 2. c4 c5 3. d5 d6 4. Nc3 e5 5. e4 Be7 6. g3 a6 7. Bg2 Bd7 8. a4 a5 9. Nge2 Na6 10. O-O Qc8 11. f4 Qc7 12. fxe5 dxe5 13. Nb5 Bxb5 14. axb5 Nb4 15. Nc3 b6 16. Be3 O-O-O 17. Qe2 h5 18. h3 Kb7 19. Rf5 Bd6 20. Bg5 Rdg8 21. Raf1 Be7 22. Kh2 Qd6 23. Bxf6 Bxf6 24. Rxh5 Rxh5 25. Qxh5 Rf8 26. Qe2 Bg5 27. Bf3 f6 28. Bg4 g6 29. Be6 Qe7 30. h4 Bh6 31. Nd1 Rh8 32. Kg2 Kc7 33. Nf2 Kd6 34. Ng4 Bg7 35. b3 Ra8 36. Qd1 Rf8 37. h5 f5 38. exf5 gxh5 39. f6 Bxf6 40. Nxf6 Rxf6 41. Qxh5 Rxf1 42. Kxf1 Nc2 43. Qg6 Nd4 44. Bf5+ Kc7 45. g4 e4 46. Qg8 e3 47. Qc8+ Kd6 48. Qb8+ Qc7 49. Qf8+ Qe7 50. Qb8+ Qc7 51. Qf8+ Qe7 52. Qh6+ Kc7 53. d6+ Qxd6 54. Qxe3 Nxf5 55. gxf5 Qd1+ 56. Kf2 Qc2+ 57. Kg3 Qxf5 58. Qf4+ Qxf4+ 59. Kxf4 Kd6 60. Kf5 Ke7 61. Ke5 Kd7 62. Kd5 Kc7 63. Ke6 1-0

[Event "Saint Quentin"]
[Site "?"]
[Date "2004.04.19"]
[Round "2.6"]
[White "Legky Nikolay A"]
[Black "Fauvel Jean-Pierre"]
[Result "0-1"]
[WhiteElo "2460"]
[BlackElo "2060"]
[PlyCount "82"]
[EventDate "2004.??.??"]
[Source "www.chesslib.no"]
[SourceDate "2004.05.04"]

1. d4 Nf6 2. c4 c5 3. d5 d6 4. Nc3 g6 5. e4 Bg7 6. Nf3 Bg4 7. h3 Bxf3 8. Qxf3 Nbd7 9. Qd1 a6 10. Be2 Qa5 11. O-O Rb8 12. a4 O-O 13. Bd2 Qd8 14. Bf4 b6 15. Qd2 Re8 16. Rad1 Qc7 17. Bg3 Kh8 18. f4 Nh5 19. Bh2 Bd4+ 20. Kh1 Ng7 21. Bd3 f5 22. Rde1 Bxc3 23. Qxc3 fxe4 24. Rxe4 Nf6 25. Re2 b5 26. b3 bxa4 27. bxa4 Qd7 28. Bc2 Kg8 29. g4 Rf8 30. Rfe1 Rbe8 31. Bg3 Rf7 32. a5 e6 33. Bh4 exd5 34. Bxf6 Rxe2 35. Rxe2 d4 36. Bxd4 cxd4 37. Qf3 Ne6 38. f5 d3 39. fxe6 Rxf3 40. exd7 dxe2 41. d8=Q+ Rf8 0-1

[Event "Danube Open"]
[Site "Aschach AUT"]
[Date "1998.12.29"]
[Round "5"]
[White "Karner, C."]
[Black "Danner, G."]
[Result "1-0"]
[WhiteElo "2175"]
[BlackElo "2340"]
[PlyCount "61"]
[EventDate "1998.??.??"]
[Source "www.chesslib.no"]
[SourceDate "2004.05.04"]

1. d4 Nf6 2. c4 c5 3. d5 d6 4. Nc3 g6 5. e4 Bg7 6. Nge2 Na6 7. f3 Nc7 8. Bg5 h6 9. Be3 a6 10. a4 Rb8 11. Ng3 Bd7 12. a5 b5 13. axb6 Rxb6 14. Qd2 Qb8 15. Rb1 O-O 16. Bxh6 Bxh6 17. Qxh6 Rxb2 18. Rc1 Nh7 19. h4 Ne8 20. e5 dxe5 21. Nge4 Nef6 22. h5 Bf5 23. Bd3 Bxe4 24. Nxe4 Rxg2 25. hxg6 fxg6 26. Nxf6+ Nxf6 27. Bxg6 Qb4+ 28. Kf1 Rf2+ 29. Kg1 Rg2+ 30. Kxg2 Qd2+ 31. Qxd2 1-0